|
|
|
|
| LEADER |
01107nam a2200289 a 4500 |
| 001 |
000355928 |
| 008 |
100920r19971995njua b 001|0 eng d |
| 010 |
|
|
|a 95001830
|
| 020 |
|
|
|a 8120310535
|
| 020 |
|
|
|a 0132169878 (v. 1)
|
| 040 |
|
|
|a DLC
|c DLC
|d SYB
|d DB-DhAAL
|
| 082 |
0 |
0 |
|a 005.2
|2 20
|
| 100 |
1 |
|
|a Comer, Douglas.
|
| 245 |
1 |
0 |
|a Internetworking with TCP/IP /
|c Douglas E. Comer.
|
| 250 |
|
|
|a 3rd ed.
|
| 260 |
|
|
|a Englewood Cliffs, N.J. ;
|a New Delhi :
|b Prentice Hall,
|c c1995 [reprinted 1997]
|
| 300 |
|
|
|a v. :
|b ill. ;
|c 24 cm.
|
| 362 |
0 |
|
|a Volume 1
|
| 504 |
|
|
|a Includes bibliographical references and index.
|
| 541 |
1 |
|
|e 00012292
|
| 505 |
1 |
|
|a v. 1. Principles, protocols, and architecture
|
| 650 |
|
0 |
|a TCP/IP (Computer network protocol)
|
| 650 |
|
0 |
|a Client/server computing.
|
| 650 |
|
0 |
|a Internetworking (Telecommunication)
|
| 852 |
4 |
|
|a Ayesha Abed Library
|j General Shelf.
|
| 999 |
|
|
|c 9506
|d 9506
|
| 952 |
|
|
|0 0
|1 0
|2 ddc
|4 0
|6 005_200000000000000_COM
|7 0
|9 11926
|a BRACUL
|b BRACUL
|c GEN
|d 2010-09-21
|l 1
|o 005.2 COM
|p 3010012292
|r 2024-10-02
|s 2024-09-21
|t 1
|w 2010-09-21
|y BK
|x Price not available in Register
|